[Event "Lloyds Bank Masters 2nd"]
[Site "London, Cumberland Hotel"]
[Date "1978.08.27"]
[Round "6.36"]
[White "Henshaw, John C"]
[Black "Gruenfeld, Yehuda"]
[Result "0-1"]
[WhiteElo "2215"]
[BlackElo "2330"]
[PlyCount "186"]
[EventDate "1978.08.24"]
[EventType "swiss"]
[EventRounds "10"]
[EventCountry "ENG"]
[SourceTitle "BritBase"]
[Source "John Saunders"]
[SourceDate "2023.12.16"]
[SourceVersion "1"]
[SourceVersionDate "2023.12.16"]
[SourceQuality "1"]

1. e4 c5 2. c3 Nf6 3. e5 Nd5 4. Nf3 Nc6 5. d4 cxd4 6. cxd4 d6 7. exd6 Qxd6 8.
Nc3 Bg4 9. Be2 e6 10. h3 Bh5 11. O-O Be7 12. Ne4 Qc7 13. Ng3 Bg6 14. h4 h6 15.
Ne5 Nxe5 16. dxe5 O-O 17. h5 Bh7 18. f4 Bc5+ 19. Kh2 Qe7 20. Bg4 Nb4 21. f5
exf5 22. Nxf5 Qxe5+ 23. Bf4 Qe4 24. Bc7 Qc6 25. Bg3 Rad8 26. Qf3 Bxf5 27. Qxc6
Nxc6 28. Rxf5 Bd6 29. Rc1 Bxg3+ 30. Kxg3 Rfe8 31. Rcc5 Rd2 32. Rf2 Rxf2 33.
Kxf2 Re5 34. Rc3 Kf8 35. a3 Rd5 36. Ke3 Rd6 37. b4 Ke7 38. Bf3 a6 39. Rc5 Re6+
40. Kf4 Kd8 41. Rf5 Ke7 42. Rc5 Rf6+ 43. Ke3 Kd8 44. Rd5+ Kc7 45. Rc5 Kb6 46.
Rd5 Re6+ 47. Kf4 Re7 48. Be4 Kc7 49. Rf5 Nd4 50. Rc5+ Kb8 51. Bd5 Ne6+ 52. Bxe6
Rxe6 53. Rf5 Re7 54. Rc5 b6 55. Rc3 Re6 56. Rd3 Kc7 57. Rc3+ Kd7 58. Rd3+ Rd6
59. Rc3 Rd4+ 60. Kg3 a5 61. bxa5 bxa5 62. Rf3 Ke6 63. Kh3 a4 64. Rc3 f5 65. g3
Kf6 66. Rf3 Kg5 67. Kg2 Rd2+ 68. Kf1 Rd5 69. Rf4 Ra5 70. Kg2 Kxh5 71. Rh4+ Kg5
72. Rb4 g6 73. Kf3 Ra6 74. Rh4 Kf6 75. Kg2 Kg7 76. Rb4 g5 77. Kf3 Kf6 78. Rc4
h5 79. Rb4 Kg6 80. Rc4 Kf7 81. Rb4 Kf6 82. Rc4 Ra5 83. Rb4 Ke5 84. Ke3 g4 85.
Rc4 Rb5 86. Rxa4 h4 87. gxh4 f4+ 88. Kf2 g3+ 89. Ke2 Rb2+ 90. Kd3 g2 91. Ra5+
Kf6 92. Rg5 Rb3+ 93. Ke2 Rg3 {Source: J C Henshaw via Brian Denman,
contributed 21 July 2021} 0-1

[Event "Lloyds Bank Masters 2nd"]
[Site "London, Cumberland Hotel"]
[Date "1978.08.27"]
[Round "6.37"]
[White "James, Geoffrey H"]
[Black "Nicholson, John Graham"]
[Result "1/2-1/2"]
[WhiteElo "2230"]
[BlackElo "2290"]
[PlyCount "80"]
[EventDate "1978.08.24"]
[EventType "swiss"]
[EventRounds "10"]
[EventCountry "ENG"]
[SourceTitle "BritBase"]
[Source "John Saunders"]
[SourceDate "2023.12.16"]
[SourceVersion "1"]
[SourceVersionDate "2023.12.16"]
[SourceQuality "1"]

1. e4 c5 2. Nf3 e6 3. d4 cxd4 4. Nxd4 Nc6 5. Nc3 Qc7 6. Be2 a6 7. Be3 Nf6 8. a3
d6 9. O-O Bd7 10. f4 Be7 11. Qe1 O-O 12. Qg3 b5 13. Kh1 Kh8 14. Nxc6 Bxc6 15.
Bd4 Qb7 16. Bd3 b4 17. axb4 Qxb4 18. Ne2 Qb7 19. e5 Ne8 20. exd6 Bxd6 21. Nc3
Kg8 22. Qh3 (22. Qh4 $5) 22... g6 23. Rf2 Ng7 24. Qh6 f6 25. Re1 Nf5 26. Bxf5
exf5 27. Rfe2 Rae8 28. Rxe8 Rxe8 29. Rxe8+ Bxe8 30. Qh4 Qxb2 31. Qxf6 Qc1+ 32.
Bg1 Qxf4 33. Qe6+ Bf7 34. Qc8+ Kg7 35. Qxa6 Be5 36. Ne2 Qe4 37. Qd3 Bd5 38.
Qxe4 Bxe4 39. Bd4 Kf6 40. c3 Ke6 {Source: G H James via Brian Denman,
contributed 21 July 2021} 1/2-1/2

[Event "Lloyds Bank Masters 2nd"]
[Site "London, Cumberland Hotel"]
[Date "1978.08.27"]
[Round "6.38"]
[White "Martin, Andrew D"]
[Black "Ginsburg, Mark"]
[Result "1/2-1/2"]
[WhiteElo "2340"]
[BlackElo "2335"]
[PlyCount "48"]
[EventDate "1978.08.24"]
[EventType "swiss"]
[EventRounds "10"]
[EventCountry "ENG"]
[SourceTitle "BritBase"]
[Source "John Saunders"]
[SourceDate "2023.12.16"]
[SourceVersion "1"]
[SourceVersionDate "2023.12.16"]
[SourceQuality "1"]

1. e4 c5 2. Nc3 b6 3. Nf3 Bb7 4. d4 cxd4 5. Nxd4 Nc6 6. Be3 e6 7. Bd3 Nge7 8.
O-O Nxd4 9. Bxd4 Nc6 10. Be3 Be7 11. Qh5 Nb4 12. f4 Nxd3 13. cxd3 O-O 14. f5 d5
15. Rf3 h6 16. Rg3 dxe4 17. dxe4 Bc5 18. Qxh6 Bxe3+ 19. Qxe3 exf5 20. Rd1 Qf6
21. Rf1 Rad8 22. Rxf5 Qd4 23. Nd5 Qxe3+ 24. Rxe3 f6 {Source: https://nezhmet.
wordpress.com/tag/lloyds-bank-chess/ Contributed by Andy Ansel} 1/2-1/2

[Event "Lloyds Bank Masters 2nd"]
[Site "London, Cumberland Hotel"]
[Date "1978.08.28"]
[Round "6.45"]
[White "Harding, Timothy David"]
[Black "Michaelides, Evan"]
[Result "0-1"]
[WhiteElo "2230"]
[BlackElo "2215"]
[PlyCount "140"]
[EventDate "1978.08.24"]
[EventType "swiss"]
[EventRounds "10"]
[EventCountry "ENG"]
[SourceTitle "Tim Harding"]
[Source "Tim Harding"]
[SourceDate "2023.12.23"]
[SourceVersion "1"]
[SourceVersionDate "2023.12.23"]
[SourceQuality "1"]

1. c4 c5 2. Nc3 Nf6 3. Nf3 d5 4. cxd5 Nxd5 5. e4 Nxc3 6. bxc3 g6 7. Bc4 Bg7 8.
Ng5 O-O 9. h4 Nc6 10. h5 Ne5 11. hxg6 hxg6 12. Be2 Nd3+ 13. Bxd3 Qxd3 14. Qf3
Qxf3 15. Nxf3 b6 16. Bb2 Bb7 17. Rh4 c4 18. O-O-O e5 19. Ba3 Rfe8 20. Ne1 Bf6
21. Rg4 Bc8 22. Rg3 Bh4 23. Re3 Bxf2 24. Re2 Bg3 25. Nf3 Bg4 26. Rf1 Rad8 27.
Kc2 Rd3 28. Re3 Rxe3 29. dxe3 Bxf3 30. gxf3 Kg7 31. Rh1 Rd8 32. Rd1 Rxd1 33.
Kxd1 Kf6 34. Bd6 Ke6 35. Bb8 a6 36. a4 Bh4 37. Bc7 b5 38. axb5 axb5 39. Kc2 Be7
40. Bb6 Bd6 41. Kd2 Kd7 42. Kc2 Ke6 43. Kd2 Ba3 44. Kc2 f5 45. exf5+ Kxf5 46.
Kd1 e4 47. f4 Kg4 48. Ke2 Kg3 49. Bc7 Kg2 50. Bb6 Bb2 51. Ba5 Ba3 52. Bb6 Be7
53. Bd4 Bh4 54. Be5 Bd8 55. Bd4 Ba5 56. Be5 Bb6 57. Bd6 Kg1 58. Be7 Ba5 59. Bf6
Bc7 60. Bd4 Bd8 61. Be5 Be7 62. Bd4 Kh2 63. Be5 Kh3 64. Bd4 Kg4 65. Be5 Kf5 66.
Bc7 Ke6 67. Ba5 Kd5 68. Kd2 Kc6 69. Ke2 b4 70. cxb4 Kb5 {Source: Tim Harding
personal database. ...and Black won; ouch, four losses in a row! My sleepless
night on an Irish Sea ferry and boat train before the round 1 game certainly
caught up with me.} 0-1

[Event "Lloyds Bank Masters 2nd"]
[Site "London, Cumberland Hotel"]
[Date "1978.08.27"]
[Round "6.46"]
[White "Shallcross, Douglas George A"]
[Black "Van Baarle, C John"]
[Result "1-0"]
[WhiteElo "2150"]
[BlackElo "2335"]
[PlyCount "55"]
[EventDate "1978.08.24"]
[EventType "swiss"]
[EventRounds "10"]
[EventCountry "ENG"]
[SourceTitle "BritBase"]
[Source "John Saunders"]
[SourceDate "2023.12.16"]
[SourceVersion "1"]
[SourceVersionDate "2023.12.16"]
[SourceQuality "1"]

1. d4 e6 2. Nf3 b6 3. g3 Bb7 4. Bg2 Nf6 5. c4 Be7 6. O-O O-O 7. Nc3 Ne4 8. Bd2
d6 9. Qc2 f5 10. Ne1 Nxc3 11. Bxc3 Bxg2 12. Nxg2 g5 13. f4 g4 14. e4 Qd7 15.
exf5 exf5 16. Rfe1 Nc6 17. d5 Na5 18. Re6 Rf7 19. Rae1 Raf8 20. b4 Nxc4 21. Qe2
Qb5 22. Rxe7 Qxd5 23. Rxf7 Qxf7 24. Qe7 d5 25. Nh4 Qxe7 26. Rxe7 Rd8 27. Nxf5
c5 28. Bf6 1-0

[Event "Lloyds Bank Masters 2nd"]
[Site "London, Cumberland Hotel"]
[Date "1978.08.27"]
[Round "6.47"]
[White "Norris, Alan J"]
[Black "Teichmann, Erik Oskar M C"]
[Result "1-0"]
[WhiteElo "2185"]
[BlackElo "2120"]
[PlyCount "51"]
[EventDate "1978.08.24"]
[EventType "swiss"]
[EventRounds "10"]
[EventCountry "ENG"]
[SourceTitle "BritBase"]
[Source "John Saunders"]
[SourceDate "2023.12.16"]
[SourceVersion "1"]
[SourceVersionDate "2023.12.16"]
[SourceQuality "1"]

1. e4 d6 2. d4 Nf6 3. Nc3 g6 4. Nf3 Bg7 5. Be2 O-O 6. O-O c6 7. Re1 Qc7 8. h3
e5 9. Be3 Re8 10. dxe5 dxe5 11. a4 Nbd7 12. a5 Nf8 13. Bc4 Be6 14. Qe2 Nh5 15.
Ng5 Bxc4 16. Qxc4 h6 17. Nf3 Ne6 18. Ne2 f5 19. exf5 gxf5 20. Ng3 Qe7 21. Bxh6
Nxg3 22. Bxg7 Qxg7 23. Rxe5 Qg6 24. fxg3 Kg7 25. Rae1 Nc7 26. Re7+ 1-0

[Event "Lloyds Bank Masters 2nd"]
[Site "London, Cumberland Hotel"]
[Date "1978.08.27"]
[Round "6.51"]
[White "Yeo, Michael J"]
[Black "Bernfield, Abram"]
[Result "1-0"]
[WhiteElo "2205"]
[BlackElo "1790"]
[PlyCount "37"]
[EventDate "1978.08.24"]
[EventType "swiss"]
[EventRounds "10"]
[EventCountry "ENG"]
[SourceTitle "BritBase"]
[Source "John Saunders"]
[SourceDate "2023.12.16"]
[SourceVersion "1"]
[SourceVersionDate "2023.12.16"]
[SourceQuality "1"]

1. e4 c6 2. d4 d5 3. exd5 cxd5 4. Bd3 Nc6 5. c3 Nf6 6. Bf4 e6 7. Nf3 Nh5 8. Be3
Be7 9. O-O Nf6 10. Nbd2 Qc7 11. Re1 O-O 12. Bg5 Nh5 13. Ne5 g6 14. Bh6 Ng7 15.
Ndf3 Qd8 16. Qd2 f5 17. h4 Bxh4 18. Nxh4 Qxh4 19. Bg5 {Source: Michael Yeo.
Contributed, 14 July 2021} 1-0

[Event "Lloyds Bank Masters 2nd"]
[Site "London, Cumberland Hotel"]
[Date "1978.08.28"]
[Round "7.1"]
[White "Peters, Jack"]
[Black "Van der Sterren, Paul"]
[Result "1-0"]
[WhiteElo "2430"]
[BlackElo "2400"]
[PlyCount "94"]
[EventDate "1978.08.24"]
[EventType "swiss"]
[EventRounds "10"]
[EventCountry "ENG"]
[SourceTitle "BritBase"]
[Source "John Saunders"]
[SourceDate "2023.12.16"]
[SourceVersion "1"]
[SourceVersionDate "2023.12.16"]
[SourceQuality "1"]

1. e4 d6 2. d4 Nf6 3. Nc3 g6 4. Bg5 c6 5. f4 Bg7 6. Qd2 O-O 7. Bd3 b5 8. Nf3
Bg4 9. e5 b4 10. Ne2 Bxf3 11. gxf3 Nd5 12. exd6 Qxd6 13. f5 e5 14. Bh6 exd4 15.
Be4 Rd8 16. Bxg7 Kxg7 17. Qxd4+ Nf6 18. O-O-O Qxd4 19. Rxd4 Rxd4 20. Nxd4 Nxe4
21. fxe4 Kf6 22. Rf1 g5 23. Rd1 a5 24. Nb3 a4 25. Nc5 Ra5 26. Nd3 Rb5 27. Nf2
h5 28. Rd8 b3 29. axb3 axb3 30. Rh8 h4 31. Rg8 Ke5 32. Rxg5 Kf4 33. Rh5 Kf3 34.
Nd1 Rc5 35. Nc3 Kg4 36. Rh7 Nd7 37. Rxf7 Ne5 38. Rg7+ Kh3 39. f6 Ra5 40. cxb3
Kxh2 41. Kd2 Ra1 42. Nd1 Nf3+ 43. Ke3 Ne5 44. Nf2 Rg1 45. Kf4 Ng6+ 46. Kf5 Nf8
47. Rxg1 Kxg1 1-0

[Event "Lloyds Bank Masters 2nd"]
[Site "London, Cumberland Hotel"]
[Date "1978.08.28"]
[Round "7.2"]
[White "Kraidman, Yair"]
[Black "Littlewood, Paul E"]
[Result "1/2-1/2"]
[WhiteElo "2455"]
[BlackElo "2345"]
[PlyCount "159"]
[EventDate "1978.08.24"]
[EventType "swiss"]
[EventRounds "10"]
[EventCountry "ENG"]
[SourceTitle "BritBase"]
[Source "John Saunders"]
[SourceDate "2023.12.16"]
[SourceVersion "1"]
[SourceVersionDate "2023.12.16"]
[SourceQuality "1"]

1. d4 e6 2. c4 b6 3. Nf3 Bb7 4. g3 Bb4+ 5. Nbd2 Bxf3 6. exf3 Qf6 7. Bg2 Qxd4 8.
f4 Nc6 9. O-O Bxd2 10. Bxd2 Qxb2 11. Bxc6 dxc6 12. Qf3 Ne7 13. Bc3 Qa3 14. Rad1
O-O 15. Rd7 b5 16. Kg2 Rfe8 17. Be5 Qxf3+ 18. Kxf3 bxc4 19. Rxc7 Nd5 20. Rxc6
Rec8 21. Ra6 c3 22. Ke2 f6 23. Bd4 Rab8 24. a3 Rb2+ 25. Kf3 Rc4 26. Be3 c2 27.
Rc1 Rb1 28. Bd2 Nc7 29. Rxa7 Nb5 30. Ra8+ Kf7 31. Ke2 Rb3 32. Be3 Nxa3 33. h4
h5 34. Ra7+ Kg6 35. Ra6 Kf7 36. Ra7+ Kg6 37. Ra6 Re4 38. Rxa3 Rxa3 39. Rxc2
Rea4 40. Kf3 Ra6 41. Rc8 Rb3 42. Rc7 Rd6 43. Re7 Rc3 44. Ra7 Rc8 45. Ke4 Rdc6
46. Ra5 R8c7 47. Kf3 Rb7 48. Ra8 Rd6 49. Ke4 Rb4+ 50. Kf3 Kf5 51. Ra7 g6 52.
Ra5+ Rd5 53. Ra8 Rc4 54. Rf8 e5 55. fxe5 Rxe5 56. Ra8 g5 57. hxg5 fxg5 58. Rf8+
Kg6 59. Rg8+ Kf6 60. Rh8 g4+ 61. Ke2 Ra4 62. Rf8+ Ke6 63. Re8+ Kd5 64. Rf8 Ke6
65. Re8+ Kd6 66. Rd8+ Ke7 67. Rb8 Rd5 68. Rb2 Ke6 69. Rb1 Ra2+ 70. Kf1 Ke5 71.
Kg2 Ke4 72. Re1 Kd3 73. Rd1+ Kc4 74. Rxd5 Kxd5 75. Bb6 Ra6 76. Be3 Ra3 77. Bb6
Kc4 78. Kf1 Rb3 79. Ba7 Kd5 80. Kg2 1/2-1/2

[Event "Lloyds Bank Masters 2nd"]
[Site "London, Cumberland Hotel"]
[Date "1978.08.28"]
[Round "7.4"]
[White "Franklin, Michael J"]
[Black "Westerinen, Heikki MJ"]
[Result "1-0"]
[WhiteElo "2315"]
[BlackElo "2450"]
[PlyCount "89"]
[EventDate "1978.08.24"]
[EventType "swiss"]
[EventRounds "10"]
[EventCountry "ENG"]
[SourceTitle "BritBase"]
[Source "John Saunders"]
[SourceDate "2023.12.16"]
[SourceVersion "1"]
[SourceVersionDate "2023.12.16"]
[SourceQuality "1"]

1. d4 Nf6 2. Nf3 g6 3. Bf4 Bg7 4. e3 d6 5. Nbd2 Nc6 6. c3 O-O 7. Bc4 Qe8 8. h3
e5 9. Bh2 e4 10. Ng1 b6 11. b4 Bb7 12. Ne2 Ne7 13. a4 Nf5 14. O-O Rc8 15. Ng3
Nh4 16. Qb3 h5 17. Be2 Bh6 18. c4 Qe7 19. a5 Rce8 20. axb6 axb6 21. Ra7 Bc8 22.
Rc1 Nxg2 23. Kxg2 Qd7 24. Kh1 h4 25. Rg1 hxg3 26. Rxg3 Kg7 27. Qb2 Qf5 28. Kg1
c6 29. Bg4 Nxg4 30. hxg4 Qf6 31. Rg2 Bg5 32. c5 bxc5 33. bxc5 d5 34. Be5 Rxe5
35. dxe5 Qe6 36. Nb3 Re8 37. Qa1 Kg8 38. Nd4 Qxe5 39. Nxc6 Qe6 40. Nd4 Qe5 41.
Qa4 Rf8 42. Qc6 Bf6 43. Ra8 Be6 44. Rxf8+ Kxf8 45. Qa8+ 1-0

[Event "Lloyds Bank Masters 2nd"]
[Site "London, Cumberland Hotel"]
[Date "1978.08.28"]
[Round "7.5"]
[White "Balinas, Rosendo Carrean"]
[Black "Evans, Larry D"]
[Result "1/2-1/2"]
[WhiteElo "2440"]
[BlackElo "2405"]
[PlyCount "32"]
[EventDate "1978.08.24"]
[EventType "swiss"]
[EventRounds "10"]
[EventCountry "ENG"]
[SourceTitle "BritBase"]
[Source "John Saunders"]
[SourceDate "2023.12.16"]
[SourceVersion "1"]
[SourceVersionDate "2023.12.16"]
[SourceQuality "1"]

1. c4 Nf6 2. Nc3 e5 3. Nf3 Nc6 4. e3 Bb4 5. Qc2 O-O 6. Be2 Re8 7. O-O e4 8. Ne1
Bxc3 9. bxc3 b6 10. f3 Bb7 11. fxe4 Nxe4 12. d3 Nc5 13. e4 d6 14. Nf3 Ne5 15.
Ng5 Ne6 16. Nh3 Qh4 1/2-1/2

[Event "Lloyds Bank Masters 2nd"]
[Site "London, Cumberland Hotel"]
[Date "1978.08.28"]
[Round "7.6"]
[White "Kopec, Danny"]
[Black "Rayner, Emmanuel"]
[Result "1-0"]
[WhiteElo "2310"]
[BlackElo "2345"]
[PlyCount "51"]
[EventDate "1978.08.24"]
[EventType "swiss"]
[EventRounds "10"]
[EventCountry "ENG"]
[SourceTitle "BritBase"]
[Source "John Saunders"]
[SourceDate "2023.12.16"]
[SourceVersion "1"]
[SourceVersionDate "2023.12.16"]
[SourceQuality "1"]

1. d4 Nf6 2. Nf3 g6 3. g3 Bg7 4. Bg2 O-O 5. O-O d5 6. c4 dxc4 7. Nc3 Nbd7 8. e4
Nb6 9. h3 c6 10. Be3 Nfd7 11. a4 a5 12. Qe2 Nb8 13. Rfd1 f5 14. d5 fxe4 15.
dxc6 exf3 16. Bxf3 N8d7 17. cxd7 Nxd7 18. Qxc4+ Kh8 19. Bg2 Qe8 20. Nb5 Ne5 21.
Qe2 Qf7 22. Nc7 Rb8 23. Ba7 Bf5 24. Bxb8 Rxb8 25. g4 Bd7 26. Rd5 1-0

[Event "Lloyds Bank Masters 2nd"]
[Site "London, Cumberland Hotel"]
[Date "1978.08.28"]
[Round "7.7"]
[White "Rantanen, Yrjo A"]
[Black "Povah, Nigel Edward"]
[Result "1-0"]
[WhiteElo "2420"]
[BlackElo "2350"]
[PlyCount "47"]
[EventDate "1978.08.24"]
[EventType "swiss"]
[EventRounds "10"]
[EventCountry "ENG"]
[SourceTitle "BritBase"]
[Source "John Saunders"]
[SourceDate "2023.12.16"]
[SourceVersion "1"]
[SourceVersionDate "2023.12.16"]
[SourceQuality "1"]

1. e4 c5 2. Nf3 e6 3. d4 cxd4 4. Nxd4 Nf6 5. Nc3 Nc6 6. Be2 Bb4 7. O-O Bxc3 8.
bxc3 Nxe4 9. Bd3 d5 10. Ba3 Nxd4 11. cxd4 Qa5 12. Qc1 Nd2 13. Re1 f6 14. Qb2
Nc4 15. Bxc4 dxc4 16. d5 Qxd5 17. Qb4 Qd7 18. Rad1 Qc7 19. Rd4 a5 20. Qb5+ Qc6
21. Qh5+ g6 22. Qh4 Kf7 23. Rf4 e5 24. Rxe5 1-0

[Event "Lloyds Bank Masters 2nd"]
[Site "London, Cumberland Hotel"]
[Date "1978.08.28"]
[Round "7.8"]
[White "Basman, Michael John"]
[Black "Tatai, Stefano"]
[Result "0-1"]
[WhiteElo "2395"]
[BlackElo "2455"]
[PlyCount "60"]
[EventDate "1978.08.24"]
[EventType "swiss"]
[EventRounds "10"]
[EventCountry "ENG"]
[SourceTitle "BritBase"]
[Source "John Saunders"]
[SourceDate "2023.12.16"]
[SourceVersion "1"]
[SourceVersionDate "2023.12.16"]
[SourceQuality "1"]

1. e4 e5 2. Nc3 Nc6 3. Bc4 Nf6 4. d3 Bb4 5. Bg5 h6 6. Bh4 Bxc3+ 7. bxc3 d6 8.
Ne2 g5 9. Bg3 Nh5 10. h4 Qf6 11. hxg5 hxg5 12. Qd2 Bd7 13. O-O-O O-O-O 14. f3
Nf4 15. Rhg1 Kb8 16. Kb1 Ne7 17. d4 Nc8 18. Bb3 Nb6 19. Bxf4 gxf4 20. Qd3 Rdg8
21. g3 fxg3 22. Rxg3 Rxg3 23. Nxg3 Rh3 24. dxe5 Qxe5 25. Nf5 Bxf5 26. exf5 a6
27. Qe4 Qxc3 28. Bxf7 Rxf3 29. Be6 Rf2 30. a4 d5 0-1

[Event "Lloyds Bank Masters 2nd"]
[Site "London, Cumberland Hotel"]
[Date "1978.08.28"]
[Round "7.9"]
[White "Bouaziz, Slim"]
[Black "Flear, Glenn C"]
[Result "1-0"]
[WhiteElo "2365"]
[BlackElo "2185"]
[PlyCount "83"]
[EventDate "1978.08.24"]
[EventType "swiss"]
[EventRounds "10"]
[EventCountry "ENG"]
[SourceTitle "BritBase"]
[Source "John Saunders"]
[SourceDate "2023.12.16"]
[SourceVersion "1"]
[SourceVersionDate "2023.12.16"]
[SourceQuality "1"]

1. e4 e5 2. Nf3 Nc6 3. Bb5 a6 4. Ba4 Nf6 5. O-O b5 6. Bb3 Bb7 7. Nc3 Be7 8. d3
d6 9. a4 b4 10. Nd5 Na5 11. Nxf6+ Bxf6 12. Bd5 c6 13. Ba2 O-O 14. c3 bxc3 15.
bxc3 c5 16. Re1 Re8 17. Nd2 g6 18. Rb1 Qd7 19. Qf3 Bg7 20. Nc4 Nxc4 21. Bxc4
Rf8 22. h4 h5 23. Bg5 Kh7 24. Bf6 Bc6 25. a5 Rfb8 26. Rxb8 Rxb8 27. Bxa6 Ra8
28. Bc4 Rxa5 29. Rb1 Ra3 30. Rb6 Rxc3 31. Bg5 f5 32. Rb8 Qc7 33. Rd8 Bxe4 34.
Bg8+ Kh8 35. Qe2 Bxd3 36. Qa2 Rc1+ 37. Kh2 e4 38. Qa8 Be5+ 39. g3 Bxg3+ 40.
fxg3 Rc2+ 41. Kg1 Qg7 42. Be6+ 1-0

[Event "Lloyds Bank Masters 2nd"]
[Site "London, Cumberland Hotel"]
[Date "1978.08.28"]
[Round "7.11"]
[White "Iskov, Gert"]
[Black "Flesch, Janos"]
[Result "1/2-1/2"]
[WhiteElo "2395"]
[BlackElo "2435"]
[PlyCount "21"]
[EventDate "1978.08.24"]
[EventType "swiss"]
[EventRounds "10"]
[EventCountry "ENG"]
[SourceTitle "BritBase"]
[Source "John Saunders"]
[SourceDate "2023.12.16"]
[SourceVersion "1"]
[SourceVersionDate "2023.12.16"]
[SourceQuality "1"]

1. e4 c6 2. d4 d5 3. Nd2 dxe4 4. Nxe4 Nd7 5. Nf3 Ngf6 6. Nxf6+ Nxf6 7. Ne5 Bf5
8. c3 Bg6 9. Qb3 Qb6 10. Be2 e6 11. Qxb6 1/2-1/2

[Event "Lloyds Bank Masters 2nd"]
[Site "London, Cumberland Hotel"]
[Date "1978.08.28"]
[Round "7.12"]
[White "Kindermann, Stefan"]
[Black "Haik, Aldo"]
[Result "1/2-1/2"]
[WhiteElo "2240"]
[BlackElo "2425"]
[PlyCount "115"]
[EventDate "1978.08.24"]
[EventType "swiss"]
[EventRounds "10"]
[EventCountry "ENG"]
[SourceTitle "BritBase"]
[Source "John Saunders"]
[SourceDate "2023.12.16"]
[SourceVersion "1"]
[SourceVersionDate "2023.12.16"]
[SourceQuality "1"]

1. e4 Nf6 2. e5 Nd5 3. d4 d6 4. Bc4 dxe5 5. dxe5 c6 6. Qe2 Qb6 7. h3 Bf5 8. Nf3
e6 9. O-O Nd7 10. a3 Be7 11. Ba2 a5 12. c4 Nc7 13. Nc3 a4 14. Be3 Bc5 15. Bxc5
Nxc5 16. Rad1 O-O 17. Rd2 Ra5 18. Rfd1 N7a6 19. Qe3 Qc7 20. Nd4 Bg6 21. f4 Qe7
22. Bb1 Nc7 23. Be4 Bxe4 24. Nxe4 Nxe4 25. Qxe4 Na6 26. f5 Qc5 27. Re1 exf5 28.
Qxf5 Qxc4 29. Qf2 Nc5 30. Nf5 Ne4 31. Qh4 Rxe5 32. Rd8 Qc5+ 33. Nd4 Ree8 34.
Rd7 Nf6 35. Rxe8 Rxe8 36. Rxb7 Rd8 37. Rb4 g5 38. Qf2 Qc1+ 39. Kh2 Ne4 40. Qf5
Qe1 41. Ne2 Qxe2 42. Rxe4 Qd2 43. Qf6 Qd6+ 44. Qxd6 Rxd6 45. Rxa4 Rd2 46. b3
Kg7 47. Rg4 h6 48. a4 c5 49. Rc4 Rd3 50. Rxc5 Rxb3 51. Ra5 Ra3 52. Ra8 h5 53.
a5 h4 54. a6 Ra1 55. g4 hxg3+ 56. Kxg3 f5 57. Kf3 Ra3+ 58. Kg2 1/2-1/2

[Event "Lloyds Bank Masters 2nd"]
[Site "London, Cumberland Hotel"]
[Date "1978.08.28"]
[Round "7.21"]
[White "Albrecht, Rainer"]
[Black "Webb, Richard M"]
[Result "0-1"]
[WhiteElo "2120"]
[BlackElo "2120"]
[PlyCount "46"]
[EventDate "1978.08.24"]
[EventType "swiss"]
[EventRounds "10"]
[EventCountry "ENG"]
[SourceTitle "BritBase"]
[Source "John Saunders"]
[SourceDate "2023.12.16"]
[SourceVersion "1"]
[SourceVersionDate "2023.12.16"]
[SourceQuality "1"]

1. e4 c5 2. Nf3 d6 3. d4 cxd4 4. Nxd4 Nf6 5. Nc3 g6 6. Be3 Bg7 7. f3 Nc6 8. Qd2
O-O 9. Bc4 Bd7 10. h4 Rc8 11. Bb3 Ne5 12. O-O-O Nc4 13. Bxc4 Rxc4 14. h5 Nxh5
15. g4 Nf6 16. Nb3 Rxc3 17. bxc3 Be6 18. e5 Nd5 19. Bh6 Bxe5 20. f4 Bxc3 21.
Qh2 Qb6 22. Rd3 Qb4 23. Bg5 Qa3+ 0-1

[Event "Lloyds Bank Masters 2nd"]
[Site "London, Cumberland Hotel"]
[Date "1978.08.28"]
[Round "7.25"]
[White "Silman, Jeremy D"]
[Black "Malachi, Avraham"]
[Result "1-0"]
[WhiteElo "2360"]
[BlackElo "2265"]
[PlyCount "63"]
[EventDate "1978.08.24"]
[EventType "swiss"]
[EventRounds "10"]
[EventCountry "ENG"]
[SourceTitle "BritBase"]
[Source "John Saunders"]
[SourceDate "2023.12.16"]
[SourceVersion "1"]
[SourceVersionDate "2023.12.16"]
[SourceQuality "1"]

1. e4 e5 2. Nf3 Nc6 3. Bb5 a6 4. Ba4 Nf6 5. O-O Be7 6. Re1 b5 7. Bb3 O-O 8. c3
d5 9. exd5 Nxd5 10. Nxe5 Nxe5 11. Rxe5 c6 12. Bxd5 cxd5 13. d4 Bd6 14. Re3 f5
15. Nd2 f4 16. Re1 Qg5 17. Nf3 Qh5 18. a4 g5 19. axb5 g4 20. Ne5 f3 21. Qd2 Bf5
22. Rxa6 Rxa6 23. bxa6 Ra8 24. Qg5+ Qxg5 25. Bxg5 Rxa6 26. gxf3 gxf3 27. Nxf3
Be4 28. Rxe4 dxe4 29. Nd2 h6 30. Bxh6 Bc7 31. Bg5 e3 32. Bxe3 1-0

[Event "Lloyds Bank Masters 2nd"]
[Site "London, Cumberland Hotel"]
[Date "1978.08.28"]
[Round "7.35"]
[White "Hawksworth, John C"]
[Black "Norris, Alan J"]
[Result "1-0"]
[WhiteElo "2065"]
[BlackElo "2185"]
[PlyCount "59"]
[EventDate "1978.08.24"]
[EventType "swiss"]
[EventRounds "10"]
[EventCountry "ENG"]
[SourceTitle "BritBase"]
[Source "John Saunders"]
[SourceDate "2023.12.16"]
[SourceVersion "1"]
[SourceVersionDate "2023.12.16"]
[SourceQuality "1"]

1. d4 f5 2. Nf3 e6 3. g3 Nf6 4. Bg2 Be7 5. O-O O-O 6. c4 d6 7. Nc3 a5 8. b3 Qe8
9. Bb2 c6 10. Qc2 d5 11. e3 Qh5 12. Ne5 Nbd7 13. Nd3 Ne4 14. Rae1 Ndf6 15. f3
Nd6 16. Ba3 Qe8 17. Bxd6 Bxd6 18. e4 fxe4 19. fxe4 dxc4 20. bxc4 e5 21. d5 Qe7
22. Na4 cxd5 23. c5 Qc7 24. exd5 e4 25. Bxe4 Nxe4 26. Rxf8+ Bxf8 27. Rxe4 b5
28. d6 Qc6 29. Qb3+ Kh8 30. Ne5 1-0

[Event "Lloyds Bank Masters 2nd"]
[Site "London, Cumberland Hotel"]
[Date "1978.08.28"]
[Round "7.36"]
[White "Farrand, Tom"]
[Black "Frostick, Clive Anthony"]
[Result "1-0"]
[WhiteElo "2040"]
[BlackElo "2080"]
[PlyCount "39"]
[EventDate "1978.08.24"]
[EventType "swiss"]
[EventRounds "10"]
[EventCountry "ENG"]
[SourceTitle "BritBase"]
[Source "John Saunders"]
[SourceDate "2023.12.16"]
[SourceVersion "1"]
[SourceVersionDate "2023.12.16"]
[SourceQuality "1"]

1. d4 Nf6 2. Nc3 d5 3. Bg5 Nbd7 4. f3 h6 5. Bh4 c6 6. e4 dxe4 7. fxe4 Qa5 8. e5
Nd5 9. e6 N7f6 10. exf7+ Kxf7 11. Bc4 e6 12. Bxd5 cxd5 13. Nf3 g5 14. O-O Kg7
15. Ne5 Qd8 16. Qd3 Qe8 17. Nb5 Ne4 18. Nc7 Qh5 19. g4 Qxh4 20. Qf3 1-0